European Battle Royale Ep.1 - Statistics

General Stats
  • This quiz has been taken 4 times
  • The average score is 3 of 5
Answer Stats
Question Answer % Correct
Andorra Let them stay
100%
Albania Let them stay
67%
Austria Let them stay
67%
Belarus Let them stay
67%
Belgium Let them stay
33%
No matching quizzes found
Score Distribution
Percent of People with Each Score
Percentile by Number Answered
Your Score History
You have not taken this quiz